• 首页
  • 本馆介绍
  • 公告通知
  • 最新文献
  • 馆藏检索
  • 电子资源
  • 读者导购
  • 参考咨询
  • 我的图书馆
  • 登录
  • 详细信息显示
  • 放入我的书架
  • 预约/预借图书
  • 作者相关作品
  • 分类相关作品
  • 丛书相关作品
  • 出版社相关作品

书目信息

  • 表格格式
  • 工作单格式
  • 卡片格式
题名:
新科技革命概论
    
 
作者: 李春生 编
分册:  
出版信息: 北京   高等教育出版社  1994
页数: 260页
开本: 19cm
丛书名: 中学教师继续教育丛书
单 册:
中图分类: G322.0
科图分类: 37.211
主题词: 科技政策--概论
电子资源:
ISBN: 7-04-004943-0
000 00669nam2 2200241 45
001 0196105332
005 20070723163505.78
010    @a7-04-004943-0@dCNY4.55
100    @a19960904d1994 em y0chiy0120 ea
101 0  @achi
102    @aCN@b110000
105    @ay z 000yy
200 10 @a新科技革命概论@Axin ke ji ge ming gai lun@f李春生编
210    @a北京@c高等教育出版社@d1994
215    @a260页@d19cm
225 2  @a中学教师继续教育丛书@i公共课系列
410  0 @120010@a中学教师继续教育丛书
606    @a科技政策@x概论
690    @aG322.0@v3
692    @a37.211@v2
701  0 @a李春生@Ali chun sheng@4编
801  0 @aCN@bTSSF@c20070723
905    @a10447@dG322.0@e28
    
    新科技革命概论/李春生编.-北京:高等教育出版社,1994
    260页;19cm.-(中学教师继续教育丛书.公共课系列)
    
    
    ISBN 7-04-004943-0:CNY4.55
    
●
相关链接 在E读中查询图书 在五车中查询图书 在当当中查询图书 在豆瓣中查询图书


正题名:新科技革命概论     索取号:G322.0/28         预约/预借

序号 登录号 条形码 馆藏地/架位号 状态 备注
1 0767007   207670073   第一样本阅览室/ [索取号:G322.0/28] 在馆    
唐山师范学院图书馆 欢迎您!
大连网信软件有限公司© 版权所有